<?xml version="1.0" encoding="UTF-8"?>
<record
    xmlns:xsi="http://www.w3.org/2001/XMLSchema-instance"
    xsi:schemaLocation="http://www.loc.gov/MARC21/slim http://www.loc.gov/standards/marcxml/schema/MARC21slim.xsd"
    xmlns="http://www.loc.gov/MARC21/slim">

  <leader>02082nam0a2200373   4500</leader>
  <controlfield tag="001">RU\NLR\bibl\213072</controlfield>
  <controlfield tag="005">20260407064433.0</controlfield>
  <datafield tag="010" ind1=" " ind2=" ">
    <subfield code="a">5-7228-0041-4</subfield>
    <subfield code="9">500</subfield>
  </datafield>
  <datafield tag="021" ind1=" " ind2=" ">
    <subfield code="a">RU</subfield>
    <subfield code="b">97-28292</subfield>
    <subfield code="9">1169</subfield>
  </datafield>
  <datafield tag="035" ind1=" " ind2=" ">
    <subfield code="a">(NLR Aleph) 000209231</subfield>
  </datafield>
  <datafield tag="090" ind1=" " ind2=" ">
    <subfield code="a">1214189</subfield>
    <subfield code="c">1214189</subfield>
  </datafield>
  <datafield tag="100" ind1=" " ind2=" ">
    <subfield code="a">20011214d1997    |||y0rusy50      ca</subfield>
  </datafield>
  <datafield tag="101" ind1="0" ind2=" ">
    <subfield code="a">rus</subfield>
  </datafield>
  <datafield tag="102" ind1=" " ind2=" ">
    <subfield code="a">RU</subfield>
  </datafield>
  <datafield tag="105" ind1=" " ind2=" ">
    <subfield code="a">y   |||||||||</subfield>
  </datafield>
  <datafield tag="200" ind1="1" ind2=" ">
    <subfield code="a">&#x41E; &#x41C;&#x43E;&#x441;&#x43A;&#x43E;&#x432;&#x441;&#x43A;&#x43E;&#x439; &#x431;&#x438;&#x442;&#x432;&#x435; &#x438; &#x412;&#x435;&#x43B;&#x438;&#x43A;&#x43E;&#x439; &#x41E;&#x442;&#x435;&#x447;&#x435;&#x441;&#x442;&#x432;&#x435;&#x43D;&#x43D;&#x43E;&#x439; &#x432;&#x43E;&#x439;&#x43D;&#x435;</subfield>
    <subfield code="e">&#x412;&#x43E;&#x441;&#x43F;&#x43E;&#x43C;&#x438;&#x43D;&#x430;&#x43D;&#x438;&#x44F; &#x438; &#x441;&#x442;.</subfield>
    <subfield code="f">[&#x421;&#x43E;&#x441;&#x442;.: &#x434;.&#x438;&#x441;&#x442;.&#x43D;. &#x410;.&#x41D;. &#x41F;&#x43E;&#x43D;&#x43E;&#x43C;&#x430;&#x440;&#x435;&#x432;, &#x43A;.&#x442;.&#x43D;. &#x412;.&#x421;. &#x425;&#x430;&#x431;&#x43B;&#x43E;&#x432;</subfield>
    <subfield code="g">&#x420;&#x435;&#x434;&#x43A;&#x43E;&#x43B;.: &#x43A;.&#x438;&#x441;&#x442;.&#x43D;. &#x41C;.&#x41C;. &#x413;&#x43E;&#x440;&#x438;&#x43D;&#x43E;&#x432; &#x438; &#x434;&#x440;.]</subfield>
  </datafield>
  <datafield tag="210" ind1=" " ind2=" ">
    <subfield code="a">&#x41C;.</subfield>
    <subfield code="c">&#x41C;&#x43E;&#x441;&#x433;&#x43E;&#x441;&#x430;&#x440;&#x445;&#x438;&#x432;</subfield>
    <subfield code="d">1997</subfield>
  </datafield>
  <datafield tag="215" ind1=" " ind2=" ">
    <subfield code="a">233,[1] &#x441;.</subfield>
    <subfield code="d">21</subfield>
  </datafield>
  <datafield tag="225" ind1="1" ind2=" ">
    <subfield code="a">&#x412;&#x43E;&#x441;&#x43F;&#x43E;&#x43C;&#x438;&#x43D;&#x430;&#x43D;&#x438;&#x44F;. &#x414;&#x43E;&#x43A;&#x443;&#x43C;&#x435;&#x43D;&#x442;&#x44B;. &#x424;&#x430;&#x43A;&#x442;&#x44B;</subfield>
  </datafield>
  <datafield tag="225" ind1="1" ind2=" ">
    <subfield code="a">&#x422;&#x440;&#x443;&#x434;&#x44B; &#x412;&#x43E;&#x435;&#x43D;&#x43D;&#x43E;-&#x43D;&#x430;&#x443;&#x447;&#x43D;&#x43E;&#x433;&#x43E; &#x43E;&#x431;&#x449;&#x435;&#x441;&#x442;&#x432;&#x430; &#x43F;&#x440;&#x438; &#x426;&#x435;&#x43D;&#x442;&#x440;&#x430;&#x43B;&#x44C;&#x43D;&#x43E;&#x43C; &#x414;&#x43E;&#x43C;&#x435; &#x420;&#x43E;&#x441;&#x441;&#x438;&#x439;&#x441;&#x43A;&#x43E;&#x439; &#x410;&#x440;&#x43C;&#x438;&#x438;</subfield>
    <subfield code="f">&#x412;&#x43E;&#x435;&#x43D;.-&#x43D;&#x430;&#x443;&#x447;. &#x43E;-&#x432;&#x43E; &#x43F;&#x440;&#x438; &#x426;&#x435;&#x43D;&#x442;&#x440;. &#x434;&#x43E;&#x43C;&#x435; &#x420;&#x43E;&#x441;. &#x410;&#x440;&#x43C;&#x438;&#x438;</subfield>
  </datafield>
  <datafield tag="320" ind1=" " ind2=" ">
    <subfield code="a">&#x411;&#x438;&#x431;&#x43B;&#x438;&#x43E;&#x433;&#x440;. &#x432; &#x43F;&#x43E;&#x434;&#x441;&#x442;&#x440;&#x43E;&#x447;. &#x43F;&#x440;&#x438;&#x43C;.</subfield>
  </datafield>
  <datafield tag="606" ind1="0" ind2=" ">
    <subfield code="a">&#x412;&#x435;&#x43B;&#x438;&#x43A;&#x430;&#x44F; &#x41E;&#x442;&#x435;&#x447;&#x435;&#x441;&#x442;&#x432;&#x435;&#x43D;&#x43D;&#x430;&#x44F; &#x432;&#x43E;&#x439;&#x43D;&#x430;</subfield>
    <subfield code="j">&#x412;&#x43E;&#x441;&#x43F;&#x43E;&#x43C;&#x438;&#x43D;&#x430;&#x43D;&#x438;&#x44F;, &#x437;&#x430;&#x43F;&#x438;&#x441;&#x43A;&#x438; &#x438; &#x442;.&#x43F;.</subfield>
    <subfield code="x">&#x420;&#x430;&#x437;&#x433;&#x440;&#x43E;&#x43C; &#x43D;&#x435;&#x43C;&#x446;&#x435;&#x432; &#x43F;&#x43E;&#x434; &#x41C;&#x43E;&#x441;&#x43A;&#x432;&#x43E;&#x439;</subfield>
    <subfield code="z">1941 - 1945</subfield>
    <subfield code="z">1941 - 1942</subfield>
    <subfield code="9">1226336</subfield>
    <subfield code="3">RU\NLR\auth\66181452</subfield>
  </datafield>
  <datafield tag="606" ind1="0" ind2=" ">
    <subfield code="a">&#x411;&#x438;&#x442;&#x432;&#x430; &#x43F;&#x43E;&#x434; &#x41C;&#x43E;&#x441;&#x43A;&#x432;&#x43E;&#x439;</subfield>
    <subfield code="j">&#x412;&#x43E;&#x441;&#x43F;&#x43E;&#x43C;&#x438;&#x43D;&#x430;&#x43D;&#x438;&#x44F;, &#x437;&#x430;&#x43F;&#x438;&#x441;&#x43A;&#x438; &#x438; &#x442;.&#x43F;.</subfield>
    <subfield code="z">1941 - 1942</subfield>
    <subfield code="9">2195999</subfield>
    <subfield code="3">RU\NLR\auth\661319820</subfield>
  </datafield>
  <datafield tag="686" ind1=" " ind2=" ">
    <subfield code="a">&#x426;35(2)722.221,013</subfield>
  </datafield>
  <datafield tag="686" ind1=" " ind2=" ">
    <subfield code="a">&#x422;3(2)722.111.9,013</subfield>
  </datafield>
  <datafield tag="702" ind1=" " ind2="1">
    <subfield code="a">&#x41F;&#x43E;&#x43D;&#x43E;&#x43C;&#x430;&#x440;&#x435;&#x432;</subfield>
    <subfield code="b">&#x410;. &#x41D;.</subfield>
    <subfield code="4">220</subfield>
  </datafield>
  <datafield tag="702" ind1=" " ind2="1">
    <subfield code="4">070</subfield>
    <subfield code="8">rus</subfield>
    <subfield code="7">ca</subfield>
    <subfield code="a">&#x413;&#x43E;&#x440;&#x438;&#x43D;&#x43E;&#x432;</subfield>
    <subfield code="b">&#x41C;. &#x41C;.</subfield>
    <subfield code="f">1959-</subfield>
    <subfield code="g">&#x41C;&#x438;&#x445;&#x430;&#x438;&#x43B; &#x41C;&#x438;&#x445;&#x430;&#x439;&#x43B;&#x43E;&#x432;&#x438;&#x447;</subfield>
    <subfield code="3">RU\NLR\auth\7714620</subfield>
    <subfield code="9">124292</subfield>
  </datafield>
  <datafield tag="711" ind1="0" ind2="2">
    <subfield code="a">&#x426;&#x435;&#x43D;&#x442;&#x440;&#x430;&#x43B;&#x44C;&#x43D;&#x44B;&#x439; &#x434;&#x43E;&#x43C; &#x420;&#x43E;&#x441;&#x441;&#x438;&#x439;&#x441;&#x43A;&#x43E;&#x439; &#x430;&#x440;&#x43C;&#x438;&#x438; &#x438;&#x43C;. &#x41C;. &#x412;. &#x424;&#x440;&#x443;&#x43D;&#x437;&#x435;</subfield>
    <subfield code="c">&#x41C;&#x43E;&#x441;&#x43A;&#x432;&#x430;</subfield>
    <subfield code="b">&#x412;&#x43E;&#x435;&#x43D;&#x43D;&#x43E;-&#x43D;&#x430;&#x443;&#x447;&#x43D;&#x43E;&#x435; &#x43E;&#x431;&#x449;&#x435;&#x441;&#x442;&#x432;&#x43E;</subfield>
    <subfield code="3">RU\NLR\AUTH\889927123</subfield>
    <subfield code="9">349915</subfield>
  </datafield>
  <datafield tag="801" ind1=" " ind2="0">
    <subfield code="a">RU</subfield>
    <subfield code="b">NLR</subfield>
    <subfield code="c">20011214</subfield>
    <subfield code="g">PSBO</subfield>
  </datafield>
  <datafield tag="801" ind1=" " ind2="1">
    <subfield code="a">RU</subfield>
    <subfield code="b">NLR</subfield>
    <subfield code="c">20011214</subfield>
  </datafield>
  <datafield tag="852" ind1=" " ind2=" ">
    <subfield code="a">NLR</subfield>
    <subfield code="j">2000-5/2575</subfield>
  </datafield>
  <datafield tag="942" ind1=" " ind2=" ">
    <subfield code="c">BOOK</subfield>
  </datafield>
  <datafield tag="980" ind1=" " ind2=" ">
    <subfield code="a">NB</subfield>
  </datafield>
  <datafield tag="995" ind1=" " ind2=" ">
    <subfield code="5">2013-10-26</subfield>
    <subfield code="b">NLR01</subfield>
    <subfield code="c">NLR01</subfield>
    <subfield code="e">RF8</subfield>
    <subfield code="f">209231-10</subfield>
    <subfield code="k">2000-5/2575</subfield>
    <subfield code="o">0</subfield>
    <subfield code="r">BOOK</subfield>
    <subfield code="s">200052575_</subfield>
  </datafield>
</record>
